[Event "IV Open Internacional Calvia"]
[Site "Calvia"]
[Date "2007.10.19"]
[Round "5.11"]
[White "Gharamian, Tigran"]
[Black "Arakhamia-Grant, Ketevan"]
[Result "1/2-1/2"]
[WhiteElo "2557"]
[BlackElo "2432"]
[PlyCount "241"]
[EventDate "2007.??.??"]

1. e4 c5 2. Nf3 e6 3. c3 d5 4. e5 d4 5. Bd3 Nc6 6. O-O Nge7 7. Re1 Ng6 8. g3
Be7 9. h4 Qc7 10. Qe2 f6 11. exf6 gxf6 12. Be4 Bd7 13. cxd4 Nxd4 14. Nxd4 cxd4
15. d3 Bd6 16. h5 Ne7 17. Nd2 O-O-O 18. Bg2 Nd5 19. Ne4 Be7 20. Bh6 Kb8 21.
Rec1 Qb6 22. Bg7 Rhg8 23. Nxf6 Nxf6 24. Qe5+ Ka8 25. Bxf6 Bxf6 26. Qxf6 Qd6 27.
Re1 Rdf8 28. Qe5 Qb6 29. Qe2 Rf6 30. Rac1 Rgf8 31. Rf1 a6 32. b3 Qd6 33. Rc2 e5
34. Qe4 Bc6 35. Qxh7 Rh6 36. Qg7 Bxg2 37. Kxg2 Rxh5 38. Qg4 Qd5+ 39. f3 Rhh8
40. Rfc1 Rxf3 41. Qxf3 Rh2+ 42. Kxh2 Qxf3 43. Rd2 Qe3 44. Rcd1 Ka7 45. Kg2 Kb6
46. Rf2 Kb5 47. Rdd2 Kb4 48. Rfe2 Qg5 49. Rc2 b5 50. Re4 Qf5 51. g4 Qg5 52. Kg3
a5 53. Rce2 Qc1 54. Rxe5 Qd1 55. Kf4 Qxd3 56. R5e4 Ka3 57. g5 Qh3 58. Rd2 Qh4+
59. Kf5 Qh3+ 60. Kf4 Qh4+ 61. Kf5 Qh3+ 62. Rg4 Qf3+ 63. Rf4 Qd5+ 64. Kg4 Qe6+
65. Kh4 Qe1+ 66. Rff2 Qe4+ 67. Kh5 Qh7+ 68. Kg4 Qe4+ 69. Rf4 Qe6+ 70. Kh5 Qh3+
71. Kg6 d3 72. Kf6 Qe3 73. Rff2 Qd4+ 74. Kf5 Qd5+ 75. Kg6 Qe6+ 76. Kg7 Qe5+ 77.
Kh6 Qh8+ 78. Kg6 Qg8+ 79. Kf6 Qd8+ 80. Kf5 Qd5+ 81. Kf4 Qd4+ 82. Kf3 Kb4 83.
Rg2 Kc3 84. Rdf2 a4 85. bxa4 bxa4 86. Kg3 Qe5+ 87. Kh3 Qh8+ 88. Kg4 Qd4+ 89.
Kh3 Qh8+ 90. Kg4 Qd4+ 91. Kf5 Qd5+ 92. Kf6 Qd6+ 93. Kg7 Qd4+ 94. Kg6 Qe4+ 95.
Kf7 Qd5+ 96. Ke7 Qe5+ 97. Kf8 Qh8+ 98. Kf7 Qh7+ 99. Kf6 Qh8+ 100. Kf5 Qh3+ 101.
Kf4 Qh4+ 102. Kf3 Qh5+ 103. Ke4 Qe8+ 104. Kf4 Qf7+ 105. Kg3 Qh5 106. Kf4 Qf7+
107. Kg4 Qe6+ 108. Kg3 Qe5+ 109. Kh3 Qh8+ 110. Kg4 Qd4+ 111. Kf5 Qd5+ 112. Kf6
Qd4+ 113. Kg6 Qe4+ 114. Kg7 Qd4+ 115. Kh7 Qh4+ 116. Kg8 Qc4+ 117. Kf8 Qb4+ 118.
Ke8 Qe4+ 119. Kd7 Qd4+ 120. Ke6 Qe4+ 121. Kf6 1/2-1/2

[Event "IV Open Internacional Calvia"]
[Site "Calvia"]
[Date "2007.10.19"]
[Round "5.13"]
[White "Jedynak, Radoslaw"]
[Black "Manik, Mikulas"]
[Result "1/2-1/2"]
[WhiteElo "2543"]
[BlackElo "2420"]
[PlyCount "40"]
[EventDate "2007.??.??"]

1. d4 Nf6 2. c4 e6 3. Nc3 Bb4 4. Qc2 O-O 5. a3 Bxc3+ 6. Qxc3 b6 7. Bg5 Bb7 8.
f3 d5 9. e3 Nbd7 10. cxd5 exd5 11. Bd3 c5 12. Ne2 h6 13. Bh4 Rc8 14. O-O Re8
15. Bf2 cxd4 16. Qxd4 Nc5 17. Rad1 Nxd3 18. Qxd3 Nd7 19. Nf4 Ne5 20. Qd4 Qg5
1/2-1/2

[Event "IV Open Internacional Calvia"]
[Site "Calvia"]
[Date "2007.10.19"]
[Round "5.14"]
[White "Movsziszian, Karen"]
[Black "Teran Alvarez, Ismael"]
[Result "1-0"]
[WhiteElo "2531"]
[BlackElo "2402"]
[PlyCount "89"]
[EventDate "2007.??.??"]

1. g3 g6 2. Bg2 Bg7 3. d4 d5 4. Nf3 Nf6 5. O-O O-O 6. c4 dxc4 7. Na3 c3 8. bxc3
c5 9. e3 Nc6 10. Qe2 Bf5 11. Bb2 Qb6 12. Rfd1 Rfd8 13. h3 Be4 14. Nc4 Qa6 15.
Bf1 cxd4 16. cxd4 Rac8 17. Ng5 Na5 18. Nxe4 Nxe4 19. Nxa5 Qxa5 20. Bg2 Nd6 21.
Rd3 Rc4 22. Ra3 Qc7 23. Qd3 Rc8 24. Rb3 b6 25. e4 e6 26. Re1 Qd7 27. e5 Nf5 28.
d5 exd5 29. Bxd5 R4c5 30. Rd1 Qe8 31. f4 Ne7 32. Be4 Nc6 33. Qd7 Na5 34. Rbd3
Nc4 35. Qxe8+ Rxe8 36. Bc3 Bf8 37. Rd8 Rxd8 38. Rxd8 a5 39. Bd4 Rc7 40. Bd5 b5
41. e6 Nd6 42. Be5 Rc1+ 43. Kg2 Rc2+ 44. Kf3 fxe6 45. Bxe6+ 1-0

[Event "IV Open Internacional Calvia"]
[Site "Calvia"]
[Date "2007.10.19"]
[Round "5.15"]
[White "Heberla, Bartlomiej"]
[Black "Aloma Vidal, Robert"]
[Result "1-0"]
[WhiteElo "2502"]
[BlackElo "2398"]
[PlyCount "83"]
[EventDate "2007.??.??"]

1. e4 c5 2. Nc3 e6 3. Nf3 a6 4. d4 cxd4 5. Nxd4 b5 6. g3 Bb7 7. Bg2 b4 8. Na4
Nf6 9. O-O Bxe4 10. Bxe4 Nxe4 11. Re1 d5 12. c4 bxc3 13. Nxc3 Nxc3 14. Qh5 Ne4
15. Nxe6 Qb6 16. Nc7+ Qxc7 17. Qxd5 Nc6 18. Bf4 Qd7 19. Qxe4+ Be7 20. Rad1 Qb7
21. Bd6 O-O 22. Bxe7 Rfe8 23. Qd5 Qb5 24. Qxb5 axb5 25. Bc5 Rxe1+ 26. Rxe1 f6
27. a3 Ne5 28. Re3 Rd8 29. Rb3 g5 30. Kf1 g4 31. Rxb5 Nc4 32. b3 Nd2+ 33. Ke2
Ne4 34. Ke3 Re8 35. Kf4 h5 36. Bb4 Nxf2 37. Kf5 Ne4 38. a4 Kg7 39. Rb7+ Kh6 40.
Be7 Nf2 41. Bd6 Nd3 42. Rf7 1-0

[Event "IV Open Internacional Calvia"]
[Site "Calvia"]
[Date "2007.10.19"]
[Round "5.16"]
[White "Martinez Martin, David"]
[Black "Cabrera, Alexis"]
[Result "1/2-1/2"]
[WhiteElo "2400"]
[BlackElo "2499"]
[PlyCount "103"]
[EventDate "2007.??.??"]

1. d4 Nf6 2. c4 c5 3. d5 e6 4. Nc3 exd5 5. cxd5 d6 6. e4 g6 7. f3 Bg7 8. Nge2
O-O 9. Ng3 a6 10. a4 Nbd7 11. Be2 h5 12. O-O h4 13. Nh1 Nh7 14. Nf2 f5 15. exf5
gxf5 16. Nh3 Bd4+ 17. Kh1 Ne5 18. Bh6 Rf7 19. Qd2 Qf6 20. Bg5 Nxg5 21. Qxg5+
Qxg5 22. Nxg5 Re7 23. f4 Nf7 24. Ne6 Bxe6 25. dxe6 Rxe6 26. Bc4 Ree8 27. Nd5
Rac8 28. Ra3 Kg7 29. Rh3 Nh6 30. Rb3 b5 31. axb5 axb5 32. Rxb5 Rb8 33. Nc7 Rec8
34. h3 Rxb5 35. Nxb5 Bxb2 36. Rb1 Bd4 37. Nxd6 Ra8 38. g3 hxg3 39. Kg2 Ra3 40.
Rb7+ Kf8 41. Nxf5 Nxf5 42. Rf7+ Ke8 43. Rxf5 Rc3 44. Bb5+ Ke7 45. h4 Rb3 46.
Rf7+ Kd6 47. Rd7+ Ke6 48. Bc4+ Kxd7 49. Bxb3 Bf2 50. h5 Ke7 51. h6 Kf6 52. f5
1/2-1/2

[Event "IV Open Internacional Calvia"]
[Site "Calvia"]
[Date "2007.10.19"]
[Round "5.17"]
[White "Cornette, Matthieu"]
[Black "Farrell, Neil"]
[Result "0-1"]
[WhiteElo "2494"]
[BlackElo "2194"]
[PlyCount "96"]
[EventDate "2007.??.??"]

1. e4 e6 2. Nf3 d5 3. Nc3 d4 4. Ne2 c5 5. Ng3 Nf6 6. Bb5+ Bd7 7. Bxd7+ Qxd7 8.
Ne5 Qc7 9. f4 Nc6 10. Nxc6 Qxc6 11. d3 h5 12. Qf3 O-O-O 13. O-O h4 14. Ne2 Be7
15. Bd2 Kb8 16. a3 Rc8 17. Ra2 Rhd8 18. b4 Qa4 19. Rb1 Rc6 20. c4 cxb4 21. Bxb4
Bxb4 22. Rxb4 Qd1+ 23. Kf2 Rb6 24. Rxb6 axb6 25. Rb2 Nd7 26. Ng1 Qc1 27. Ra2
Nc5 28. Nh3 Qc3 29. Ke2 Nb3 30. Kf1 Nc1 31. Re2 Nxe2 32. Qxe2 Qxa3 33. Kf2 Qc1
34. Kf3 Qh1 35. Kf2 Qxh2 36. Qb2 Qg3+ 37. Kg1 Qxd3 38. Qxb6 Rc8 39. Qd6+ Rc7
40. Ng5 Qxc4 41. Nxf7 Qc6 42. Qd8+ Rc8 43. Qxh4 d3 44. Ne5 Qc1+ 45. Kh2 d2 46.
Nd7+ Ka7 47. Qe7 Rh8+ 48. Kg3 Qe1+ 0-1

[Event "IV Open Internacional Calvia"]
[Site "Calvia"]
[Date "2007.10.19"]
[Round "5.19"]
[White "Andersson, Tommy"]
[Black "Strikovic, Aleksa"]
[Result "0-1"]
[WhiteElo "2273"]
[BlackElo "2551"]
[PlyCount "146"]
[EventDate "2007.??.??"]

1. d4 d6 2. e4 Nf6 3. f3 c5 4. d5 g6 5. c4 Bg7 6. Nc3 O-O 7. Bg5 h6 8. Be3 e6
9. Qd2 exd5 10. cxd5 Nbd7 11. O-O-O h5 12. Bh6 a6 13. Bxg7 Kxg7 14. Kb1 b5 15.
Rc1 Nb6 16. Nd1 b4 17. Ne3 Bd7 18. Ne2 h4 19. g3 Rh8 20. gxh4 Rxh4 21. Ng3 Kh7
22. Bd3 Nh5 23. Nxh5 Rxh5 24. f4 Qe7 25. Rhf1 Bb5 26. e5 Rf8 27. Ng4 Nd7 28.
Bxb5 axb5 29. Rce1 Qh4 30. Rg1 Rf5 31. Rg3 Kg7 32. Re4 Rh5 33. Qe2 c4 34. f5
Nc5 35. f6+ Kh7 36. Ree3 Qg5 37. Qf3 b3 38. Rh3 bxa2+ 39. Kxa2 Ra8+ 40. Ra3
Rxa3+ 41. Kxa3 dxe5 42. Rxh5+ gxh5 43. Nf2 e4 44. Nxe4 Qxd5 45. Qg2 Ne6 46. Kb4
Qe5 47. h4 Kh6 48. Qd2+ Kg6 49. Qg2+ Kf5 50. Qf3+ Nf4 51. Ng3+ Kg6 52. Ne4 Nd3+
53. Ka5 b4+ 54. Kb6 Qf4 55. Qg2+ Qg4 56. Qd2 Qxh4 57. Qe3 Qf4 58. Qg1+ Qg4 59.
Qe3 h4 60. Nd6 Qe6 61. Qg1+ Kxf6 62. Kc7 Qe7+ 63. Kc6 Ne5+ 64. Kd5 Qe6+ 65. Kc5
Nd3+ 66. Kc6 h3 67. Qg8 Ne5+ 68. Kc5 Ng6 69. Qd8+ Qe7 70. Qc8 h2 71. Qf5+ Kg7
72. Qf3 Qc7+ 73. Kd5 Ne7+ 0-1

[Event "IV Open Internacional Calvia"]
[Site "Calvia"]
[Date "2007.10.19"]
[Round "5.22"]
[White "Del Rio Angelis, Salvador G"]
[Black "Mihailovs, Jurijs"]
[Result "1-0"]
[WhiteElo "2512"]
[BlackElo "2366"]
[PlyCount "57"]
[EventDate "2007.??.??"]

1. Nf3 c5 2. c4 g6 3. d4 cxd4 4. Nxd4 b6 5. Nc3 Bb7 6. e4 Bg7 7. Be2 Nc6 8. Be3
Rc8 9. O-O Qc7 10. Rc1 Qb8 11. f4 Nh6 12. Ndb5 d6 13. f5 gxf5 14. exf5 Ng8 15.
Nd5 Bxb2 16. f6 e6 17. Ndc3 Bxc1 18. Bxc1 Rd8 19. Ba3 d5 20. cxd5 a6 21. Bh5
Ne5 22. Qa4 axb5 23. Qxb5+ Bc6 24. dxc6 Qc7 25. Re1 Nxf6 26. Rxe5 Nxh5 27. Nd5
Rxd5 28. Qxd5 Nf6 29. Rxe6+ 1-0

[Event "IV Open Internacional Calvia"]
[Site "Calvia"]
[Date "2007.10.19"]
[Round "5.24"]
[White "Libiszewski, Fabien"]
[Black "Fierro Baquero, Martha L"]
[Result "1/2-1/2"]
[WhiteElo "2486"]
[BlackElo "2345"]
[PlyCount "82"]
[EventDate "2007.??.??"]

1. d4 g6 2. e4 Bg7 3. Nc3 c6 4. Be3 d6 5. h3 Nd7 6. f4 b5 7. a3 Nb6 8. Nf3 Nf6
9. Bd3 O-O 10. O-O Nc4 11. Bc1 a5 12. Qe1 Nd7 13. e5 Ndb6 14. a4 b4 15. Nd1 f5
16. Nf2 dxe5 17. dxe5 Be6 18. Ng5 Bd5 19. b3 Na3 20. c4 Bf7 21. Qe3 Qc7 22. Rd1
h6 23. Nxf7 Rxf7 24. Bxa3 bxa3 25. Rxa3 e6 26. Ra2 Bf8 27. Be2 Nd7 28. Rad2 Bc5
29. Qf3 Rg7 30. Kf1 Rb8 31. Rb1 g5 32. Nd3 Ba7 33. Qh5 Qb6 34. Ke1 Qg1+ 35. Bf1
Qe3+ 36. Kd1 Nc5 37. Nxc5 Bxc5 38. Qxh6 Bb4 39. Qxe6+ Kh8 40. Qh6+ Kg8 41. Qe6+
Kh8 1/2-1/2

[Event "IV Open Internacional Calvia"]
[Site "Calvia"]
[Date "2007.10.19"]
[Round "5.26"]
[White "Mogranzini, Roberto"]
[Black "Gurbanzade, Erkin"]
[Result "1/2-1/2"]
[WhiteElo "2415"]
[BlackElo "2179"]
[PlyCount "72"]
[EventDate "2007.??.??"]

1. e4 c5 2. Nf3 Nc6 3. d4 cxd4 4. Nxd4 Nf6 5. Nc3 e5 6. Ndb5 d6 7. Bg5 a6 8.
Na3 b5 9. Nd5 Be7 10. Bxf6 Bxf6 11. c3 Ne7 12. Nxf6+ gxf6 13. Bd3 Bb7 14. Qe2
d5 15. O-O-O Qb6 16. f4 O-O-O 17. fxe5 fxe5 18. exd5 Rxd5 19. Be4 Rxd1+ 20.
Rxd1 Qh6+ 21. Rd2 Rd8 22. Bxb7+ Kxb7 23. Nb1 f6 24. g3 Nc6 25. b4 f5 26. Kb2
Rxd2+ 27. Nxd2 e4 28. Nb3 Ne5 29. Nc5+ Kc7 30. Qf2 Qd6 31. Kc1 Qd5 32. Qd4 Qxd4
33. Ne6+ Kd6 34. Nxd4 Nf3 35. Nxf5+ Ke5 36. Ne3 Nxh2 1/2-1/2

[Event "IV Open Internacional Calvia"]
[Site "Calvia"]
[Date "2007.10.19"]
[Round "5.28"]
[White "Gagunashvili, Merab"]
[Black "Givon, Asaf"]
[Result "1-0"]
[WhiteElo "2584"]
[BlackElo "1937"]
[PlyCount "53"]
[EventDate "2007.??.??"]

1. Nf3 Nf6 2. c4 g6 3. Nc3 d5 4. d4 Bg7 5. Qb3 dxc4 6. Qxc4 c6 7. e4 O-O 8. Be2
Na6 9. O-O Qb6 10. Qa4 Nc7 11. h3 Bd7 12. Qc2 Rac8 13. Na4 Qa5 14. b4 Qxb4 15.
Bd2 Qa3 16. Rfb1 c5 17. Nxc5 Na6 18. Bxa6 Qxa6 19. Bc3 Qc6 20. Ne5 Qd6 21. Rxb7
Rc7 22. Nc4 Qxc5 23. dxc5 Rxb7 24. Na5 Rb5 25. c6 Be6 26. Qd3 Rbb8 27. Be5 1-0

[Event "IV Open Internacional Calvia"]
[Site "Calvia"]
[Date "2007.10.19"]
[Round "5.29"]
[White "Barcelo, Pedro"]
[Black "Fernandez Romero, Ernesto"]
[Result "0-1"]
[WhiteElo "2190"]
[BlackElo "2459"]
[PlyCount "102"]
[EventDate "2007.??.??"]

1. Nf3 Nf6 2. c4 d6 3. d4 g6 4. g3 Bf5 5. Bg2 Qc8 6. Qb3 Nc6 7. d5 Nd8 8. Nc3
Bg7 9. Be3 b6 10. O-O O-O 11. Rac1 Bh3 12. Qc2 Bxg2 13. Kxg2 c5 14. dxc6 Qxc6
15. Rfd1 Rc8 16. Nb5 Qb7 17. Qa4 Nc6 18. h3 Nd7 19. Nbd4 Nce5 20. b3 a6 21. Kh2
Nc5 22. Qb4 Ned7 23. Qe1 Ne4 24. Nd2 Nef6 25. Qh1 Qc7 26. Ne4 Nxe4 27. Qxe4 Nc5
28. Qg2 h5 29. Kg1 Kh8 30. Nc2 a5 31. Bd4 e5 32. Bxc5 dxc5 33. Rd5 a4 34. Rcd1
axb3 35. axb3 b5 36. Na3 bxc4 37. Nb5 Qa5 38. bxc4 Qa2 39. Nd6 Rc7 40. Nb5 Re7
41. Rxc5 Qxe2 42. Qf1 Qf3 43. Qd3 Qf6 44. Qe4 Qa6 45. Rc6 Qa8 46. Qd5 e4 47.
Rd6 Qa4 48. Qg5 Re5 49. Qf4 Qxc4 50. Rd8 Rxb5 51. Rxf8+ Bxf8 0-1

[Event "IV Open Internacional Calvia"]
[Site "Calvia"]
[Date "2007.10.19"]
[Round "5.30"]
[White "Gonzalez, Rodriguez Jorge A"]
[Black "Ruiz Vinals, Matias"]
[Result "1-0"]
[WhiteElo "2405"]
[BlackElo "2164"]
[PlyCount "29"]
[EventDate "2007.??.??"]

1. b3 Nf6 2. Bb2 e6 3. e3 c5 4. Nf3 Nc6 5. d4 b6 6. Bd3 Be7 7. O-O Nb4 8. Be2
Bb7 9. a3 Nc6 10. Bd3 O-O 11. c4 Qc7 12. Nc3 Rac8 13. d5 Nb8 14. Nb5 Qd8 15. d6
1-0

[Event "IV Open Internacional Calvia"]
[Site "Calvia"]
[Date "2007.10.19"]
[Round "5.31"]
[White "Sibilio, Mario"]
[Black "Hoenick, Andreas"]
[Result "1/2-1/2"]
[WhiteElo "2381"]
[BlackElo "2158"]
[PlyCount "110"]
[EventDate "2007.??.??"]

1. Nf3 Nf6 2. d4 e6 3. c4 b6 4. Nc3 Bb7 5. Bg5 Be7 6. Rc1 O-O 7. e3 d5 8. cxd5
exd5 9. Bd3 Nbd7 10. O-O c5 11. Bf5 Ne4 12. Bxe7 Qxe7 13. Bxd7 Qxd7 14. dxc5
Nxc5 15. Qd4 Rad8 16. Rfd1 Rfe8 17. h3 Qf5 18. b4 Ne6 19. Qg4 Qf6 20. Nd4 g6
21. Ncb5 h5 22. Qg3 Nxd4 23. Nxd4 Qe7 24. Rc7 Rd7 25. Rdc1 Red8 26. a3 a5 27.
bxa5 bxa5 28. R1c5 a4 29. Qf4 Rxc7 30. Rxc7 Rd7 31. Rc3 Ba6 32. Qb8+ Kg7 33.
Qa8 Bc4 34. Qxa4 Ra7 35. Nc6 Qxe3 36. fxe3 Rxa4 37. Nb4 Ra5 38. e4 Kf6 39. Kf2
Rb5 40. h4 Ke5 41. exd5 Bxd5 42. g3 Kd4 43. Rd3+ Kc4 44. Rxd5 Rxb4 45. axb4
Kxd5 46. Ke3 f6 47. Kf4 Kc4 48. Ke4 Kxb4 49. Kd5 g5 50. Ke6 gxh4 51. gxh4 Kc5
52. Kxf6 Kd6 53. Kg6 Ke7 54. Kxh5 Kf7 55. Kh6 Kg8 1/2-1/2

[Event "IV Open Internacional Calvia"]
[Site "Calvia"]
[Date "2007.10.19"]
[Round "5.32"]
[White "Mascaro March, Pedro"]
[Black "Persson, Mats"]
[Result "1/2-1/2"]
[WhiteElo "2370"]
[BlackElo "2131"]
[PlyCount "80"]
[EventDate "2007.??.??"]

1. d4 Nf6 2. c4 e6 3. Nf3 Bb4+ 4. Nbd2 b6 5. a3 Bxd2+ 6. Bxd2 Bb7 7. Bg5 d6 8.
e3 h6 9. Bh4 g5 10. Bg3 Ne4 11. Qc2 f5 12. O-O-O Nd7 13. Ne1 Qf6 14. f3 Nxg3
15. hxg3 O-O-O 16. Nd3 Kb8 17. Nf2 h5 18. e4 fxe4 19. Nxe4 Bxe4 20. Qxe4 e5 21.
Be2 exd4 22. Qxd4 Rde8 23. Qxf6 Nxf6 24. Rde1 Kc8 25. Bd3 Kd8 26. Kd2 Rxe1 27.
Kxe1 Rg8 28. Kf2 Ke7 29. Bf5 Kf7 30. f4 g4 31. Ke3 Re8+ 32. Kd3 Re7 33. b4 Re8
34. Rc1 c5 35. Rh1 Re7 36. Rd1 Re8 37. Rd2 Re1 38. Kc2 Re3 39. Rd3 Re2+ 40. Rd2
Re3 1/2-1/2

[Event "IV Open Internacional Calvia"]
[Site "Calvia"]
[Date "2007.10.19"]
[Round "5.33"]
[White "Juan Mas, Santiago"]
[Black "Das, Arghyadip"]
[Result "0-1"]
[WhiteElo "2090"]
[BlackElo "2367"]
[PlyCount "56"]
[EventDate "2007.??.??"]

1. e4 d6 2. d4 g6 3. Nc3 Bg7 4. g3 Nf6 5. Bg2 O-O 6. Nge2 c6 7. O-O Nbd7 8. h3
e5 9. a4 a5 10. b3 exd4 11. Nxd4 Nc5 12. Re1 Re8 13. Bb2 Qb6 14. Qd2 Bd7 15.
Rad1 Rad8 16. Kh2 Bc8 17. Re2 Qc7 18. Qe1 Re7 19. Ba3 Qb6 20. Qd2 Rde8 21. Qf4
Re5 22. f3 h5 23. h4 Kh7 24. Bc1 Bd7 25. Ree1 d5 26. Rd2 dxe4 27. Rde2 Kg8 28.
Ba3 Bc8 0-1

[Event "IV Open Internacional Calvia"]
[Site "Calvia"]
[Date "2007.10.19"]
[Round "5.34"]
[White "Zozulia, Anna"]
[Black "Schmitz, Andreas Arnold"]
[Result "1-0"]
[WhiteElo "2343"]
[BlackElo "2093"]
[PlyCount "163"]
[EventDate "2007.??.??"]

1. e4 e6 2. d4 d5 3. Nd2 Nf6 4. e5 Nfd7 5. Bd3 c5 6. c3 Nc6 7. Ne2 cxd4 8. cxd4
Qb6 9. Nf3 f6 10. exf6 Nxf6 11. O-O Bd6 12. Nc3 Bd7 13. a3 O-O 14. Bg5 Kh8 15.
Na4 Qc7 16. Qc2 e5 17. dxe5 Nxe5 18. Nxe5 Bxe5 19. Qxc7 Bxc7 20. Nc5 Bc8 21.
Rfe1 Ng4 22. Be7 Rf7 23. f3 Ne5 24. Bh4 Bd6 25. Kh1 Nxf3 26. gxf3 Bxc5 27. Rac1
Bd6 28. Bg3 Bf5 29. Bxf5 Bxg3 30. Be6 Bxe1 31. Bxf7 Bh4 32. Bxd5 Bf6 33. Rc2 h6
34. b3 Rb8 35. Rc7 Bd8 36. Rf7 Bb6 37. Bxb7 Rd8 38. Be4 Kg8 39. Rb7 Rd1+ 40.
Kg2 Rg1+ 41. Kh3 Rg5 42. b4 Bg1 43. a4 Rh5+ 44. Kg2 Rg5+ 45. Kf1 Bd4 46. Rd7
Rg1+ 47. Ke2 Rg2+ 48. Kd3 Bg1 49. h4 g5 50. h5 g4 51. fxg4 Rxg4 52. a5 Rh4 53.
Rd5 Rg4 54. b5 Rg5 55. Rd6 Kf7 56. Kc4 Rc5+ 57. Kb4 Rxh5 58. Rd1 Bc5+ 59. Kc4
Be3 60. Rd3 Bg1 61. Rd1 Be3 62. Rf1+ Ke6 63. Re1 Bd2 64. Bd5+ Kd7 65. Rd1 Rh4+
66. Kb3 Bxa5 67. Bc6+ Ke6 68. Ra1 Bb6 69. Re1+ Kf5 70. Kc2 a5 71. Bd7+ Kg5 72.
Re5+ Kf4 73. Re6 Rh2+ 74. Kc3 Bd4+ 75. Kxd4 Rd2+ 76. Kc5 Rxd7 77. Rxh6 a4 78.
Kc6 Kg5 79. Rh3 Rd4 80. b6 Rb4 81. b7 Rb1 82. Ra3 1-0

[Event "IV Open Internacional Calvia"]
[Site "Calvia"]
[Date "2007.10.19"]
[Round "5.35"]
[White "Munar Rossello, Pedro"]
[Black "Pinheiro, Jose"]
[Result "1-0"]
[WhiteElo "2075"]
[BlackElo "2331"]
[PlyCount "83"]
[EventDate "2007.??.??"]

1. e4 c5 2. Nc3 Nc6 3. f4 g6 4. Nf3 Bg7 5. Bb5 Nd4 6. O-O Nxb5 7. Nxb5 Nf6 8.
d3 O-O 9. Qe1 d5 10. e5 Ne8 11. Qh4 f6 12. Bd2 d4 13. Na3 Be6 14. Rae1 Qd7 15.
b3 Nc7 16. Nc4 Nd5 17. a4 b6 18. Re2 Rae8 19. h3 Nc7 20. g4 f5 21. Ng5 h6 22.
Nxe6 Qxe6 23. g5 hxg5 24. Qxg5 Kf7 25. Rg2 Rh8 26. Qg3 Rh6 27. Qf3 Nd5 28. Kf2
Reh8 29. Rg3 a6 30. Rfg1 b5 31. axb5 axb5 32. Na5 Qd7 33. h4 Bf8 34. b4 cxb4
35. Nb3 e6 36. h5 Rxh5 37. Rxg6 Qc8 38. Nxd4 Rh3 39. R6g3 Bc5 40. Rg7+ Kf8 41.
Qxh3 Bxd4+ 42. Ke2 1-0

[Event "IV Open Internacional Calvia"]
[Site "Calvia"]
[Date "2007.10.19"]
[Round "5.36"]
[White "Aleskerov, Faik"]
[Black "Ignacz, Rozsa"]
[Result "1-0"]
[WhiteElo "2327"]
[BlackElo "2079"]
[PlyCount "71"]
[EventDate "2007.??.??"]

1. Nc3 d5 2. g3 Nf6 3. Bg2 c6 4. Nf3 Bf5 5. d4 e6 6. O-O Nbd7 7. Nh4 Bg6 8.
Nxg6 hxg6 9. f3 c5 10. Be3 Rc8 11. Kh1 Nh5 12. Qe1 Bd6 13. f4 g5 14. dxc5 Nxc5
15. Nb5 Bb8 16. b4 gxf4 17. gxf4 Na4 18. Rf3 a6 19. Nd4 Qf6 20. Qf2 Nc3 21. Rh3
Kd7 22. Rf1 Nxa2 23. b5 Nb4 24. bxa6 bxa6 25. c3 Rxc3 26. Nf3 Nc6 27. Bd2 Rc4
28. Qb6 g6 29. e4 Nxf4 30. Qb7+ Kd8 31. Ba5+ Nxa5 32. Rxh8+ Qxh8 33. Qxb8+ Rc8
34. Qxf4 dxe4 35. Ng5 Qd4 36. Nxf7+ 1-0

[Event "IV Open Internacional Calvia"]
[Site "Calvia"]
[Date "2007.10.19"]
[Round "5.37"]
[White "Andersen, Mads"]
[Black "Tscharotschkin, Michael"]
[Result "1/2-1/2"]
[WhiteElo "2074"]
[BlackElo "2290"]
[PlyCount "99"]
[EventDate "2007.??.??"]

1. e4 e6 2. d4 d5 3. Nc3 Bb4 4. e5 c5 5. a3 Ba5 6. b4 cxb4 7. Nb5 Nc6 8. axb4
Bxb4+ 9. c3 Be7 10. Ba3 Bxa3 11. Rxa3 Nh6 12. Nd6+ Kf8 13. Bd3 g6 14. h4 Kg7
15. Qd2 f5 16. Nf3 Nf7 17. Nxf7 Kxf7 18. g4 Qe7 19. Ra2 Bd7 20. h5 Rag8 21.
Ng5+ Ke8 22. h6 fxg4 23. Qf4 a6 24. Qxg4 Nd8 25. f4 Nf7 26. Ke2 Nxg5 27. Qxg5
Qxg5 28. fxg5 Rf8 29. Ke3 Ke7 30. Rb1 Bc6 31. Rf2 Rxf2 32. Kxf2 b5 33. Ke3 Bd7
34. Kd2 Rb8 35. Ra1 Ra8 36. Rb1 Be8 37. Kc2 Ra7 38. Kd2 Bf7 39. Ra1 Be8 40. Rb1
Rc7 41. Ra1 Rc6 42. Rb1 Rb6 43. Ra1 Bd7 44. Kc2 Rc6 45. Kb3 Be8 46. Kb4 Kd7 47.
Rf1 Ke7 48. Ra1 Bd7 49. Ra2 Ke8 50. Ra1 1/2-1/2

[Event "IV Open Internacional Calvia"]
[Site "Calvia"]
[Date "2007.10.19"]
[Round "5.38"]
[White "Rodriguez Lopez, Rafael"]
[Black "Castell Cantero, Salvador"]
[Result "1-0"]
[WhiteElo "2281"]
[BlackElo "2073"]
[PlyCount "49"]
[EventDate "2007.??.??"]

1. d4 d5 2. Nf3 Nf6 3. c4 e6 4. g3 c6 5. Qc2 Bd6 6. Bg2 O-O 7. O-O Nbd7 8. Nbd2
e5 9. cxd5 Nxd5 10. Nc4 Qe7 11. Nxd6 Qxd6 12. Rd1 Qe7 13. e4 Nb4 14. Qc3 exd4
15. Nxd4 Nf6 16. Bg5 Na6 17. f4 h6 18. Bh4 Qc5 19. Qxc5 Nxc5 20. e5 Nfd7 21.
Nf5 Kh7 22. Nd6 Nb6 23. Be7 Bg4 24. Rdc1 Nd3 25. Be4+ 1-0

[Event "IV Open Internacional Calvia"]
[Site "Calvia"]
[Date "2007.10.19"]
[Round "5.39"]
[White "Mandic, Milenko"]
[Black "Ehsan, Ali"]
[Result "0-1"]
[WhiteElo "2064"]
[BlackElo "2280"]
[PlyCount "70"]
[EventDate "2007.??.??"]

1. d4 Nf6 2. Nf3 d5 3. g3 Bg4 4. Bg2 e6 5. c3 c6 6. Qb3 Qc8 7. Ne5 Bf5 8. Nd2
Nbd7 9. Ndf3 Be7 10. h3 O-O 11. g4 Be4 12. g5 Ne8 13. Nxd7 Bxf3 14. Nf6+ Bxf6
15. gxf6 Bxg2 16. Rg1 Be4 17. fxg7 Nxg7 18. Bh6 Bg6 19. h4 Qc7 20. Bxg7 Kxg7
21. Rg3 Kh8 22. e3 Rg8 23. Kd2 Be4 24. Rag1 Rxg3 25. Rxg3 Rg8 26. Rxg8+ Kxg8
27. Qd1 Qh2 28. Qg4+ Kf8 29. Ke2 Qg2 30. Qf4 Kg7 31. a4 Qg6 32. a5 h5 33. Kd2
Qf5 34. Qg3+ Kh7 35. Ke1 Qf3 0-1

[Event "IV Open Internacional Calvia"]
[Site "Calvia"]
[Date "2007.10.19"]
[Round "5.40"]
[White "Thomassen, Thomas"]
[Black "Habibi, Ali"]
[Result "0-1"]
[WhiteElo "2041"]
[BlackElo "2269"]
[PlyCount "54"]
[EventDate "2007.??.??"]

1. Nf3 c5 2. c4 b6 3. g3 Bb7 4. Bg2 Nf6 5. Nc3 e6 6. O-O Be7 7. Re1 d6 8. e4
Nbd7 9. d4 cxd4 10. Nxd4 Qb8 11. b3 a6 12. Bb2 O-O 13. Qd2 Rd8 14. Rad1 Qc7 15.
Qe2 Ne8 16. Qe3 Rac8 17. Re2 Bf6 18. Rc2 Qb8 19. Rcc1 Qa8 20. Re1 g6 21. Na4
Bg7 22. Rcd1 Nef6 23. h3 Qb8 24. Ba3 Ne8 25. g4 Ba8 26. Qg3 b5 27. cxb5 axb5
0-1

[Event "IV Open Internacional Calvia"]
[Site "Calvia"]
[Date "2007.10.19"]
[Round "5.41"]
[White "Thomassen, Joachim"]
[Black "Ben Arzi, Ido"]
[Result "1-0"]
[WhiteElo "2263"]
[BlackElo "2010"]
[PlyCount "55"]
[EventDate "2007.??.??"]

1. d4 d6 2. c4 e5 3. Nf3 exd4 4. Nxd4 g6 5. g3 Bg7 6. Bg2 Ne7 7. Nc3 O-O 8. O-O
Nbc6 9. Nxc6 bxc6 10. Bg5 f6 11. Bf4 Be6 12. Qd3 Rb8 13. b3 Qd7 14. Rad1 Bh3
15. Bxh3 Qxh3 16. c5 Nf5 17. cxd6 g5 18. dxc7 Rb4 19. Qd7 gxf4 20. c8=Q Rxc8
21. Qe6+ Kf8 22. Qxc8+ Kf7 23. Qd7+ Kg8 24. Rd3 h5 25. e4 fxe3 26. fxe3 Rb7 27.
Qxb7 Nxg3 28. Rf2 1-0

[Event "IV Open Internacional Calvia"]
[Site "Calvia"]
[Date "2007.10.19"]
[Round "5.42"]
[White "Larsson, Daniel"]
[Black "Rosberg, Simon"]
[Result "0-1"]
[WhiteElo "1962"]
[BlackElo "2213"]
[PlyCount "116"]
[EventDate "2007.??.??"]

1. e4 c5 2. Nf3 e6 3. d4 cxd4 4. Nxd4 a6 5. Nc3 Qc7 6. Be3 Nf6 7. f3 Bb4 8. Qd2
d5 9. exd5 Nxd5 10. Nde2 Nxe3 11. Qxe3 O-O 12. O-O-O b5 13. Ne4 Nc6 14. Qg5 Be7
15. Qg3 e5 16. N2c3 Be6 17. Ng5 Bxg5+ 18. Qxg5 Nd4 19. Bd3 b4 20. Qh4 h6 21.
Ne2 Nxe2+ 22. Bxe2 Bxa2 23. Qxb4 Be6 24. Rd3 Rab8 25. Qd6 Qa7 26. Qxe5 Rb5 27.
Qd4 Qb7 28. Ra3 Rb6 29. Bd3 g6 30. Re1 Rb8 31. b3 Qe7 32. Ra5 Rc6 33. Kb2 Rd8
34. Qe5 Qb4 35. Ra4 Qb6 36. Qe3 Qc7 37. Qe5 Qb6 38. Rxa6 Rxc2+ 39. Bxc2 Qxa6
40. Rd1 Ra8 41. Qc7 Kh7 42. Qc3 Qa3+ 43. Kb1 Qa2+ 44. Kc1 Rc8 45. Qb2 Qa6 46.
Kb1 Qb5 47. Qf6 Rxc2 48. Kxc2 Bxb3+ 49. Kd2 Qd5+ 50. Ke3 Bxd1 51. Qa1 Bb3 52.
Qa7 Bc4 53. g4 Qd3+ 54. Kf4 Bd5 55. Qf2 Qc4+ 56. Kg3 g5 57. Kh3 Qf4 58. Kg2
Qxg4+ 0-1